Nombres mas comunes en estos países - Estadísticas

Estadísticas generales
  • Esta prueba ha sido intentada 53 veces
  • La puntuación promedio es 5 de 15
Estadísticas de respuestas
País Nombre % Correcto
España María/Antonio
88%
Palaos John/Maria
83%
Portugal María/Francisco/João
83%
Suiza Daniel/Maria
73%
Kirguistán Saliha/Muhammad
50%
Estados Unidos Mary/James
29%
Rusia Mikhail/Sofia
29%
Marshall Islands Mary/Junior
27%
Polonia Piotr/Anna
19%
Dinamarca Peter/Anne
15%
Australia David/Jennifer
8%
Alemania Noah/Sophia
6%
Omán Ahmed/Sara/Maryam
4%
India Rahul/Sita/Neha/Priya
0%
Lesotho Teboho/Lebohang/Thabang/Thabo
0%
No se encontraron pruebas coincidentes
Distribución de puntuación
Porcentaje de gente con cada puntuación
Porcentaje por número respondido
Historial de tus puntuaciones
No has intentado esta prueba.